Statistics for Malaysia Immigration by Country

Click here to take the quiz!

General Stats

  • This quiz has been taken 702 times
  • The average score is 9 of 13

Answer Stats

# PeopleCountry of Origin% Correct
2,500,000Indonesia
97%
70,000Thailand
89%
70,000Vietnam
85%
22,000Japan
80%
11,000Cambodia
78%
500,000Myanmar
78%
325,000Philippines
78%
221,000Bangladesh
74%
12,000South Korea
71%
120,000Pakistan
70%
45,000Taiwan
61%
45,000Iran
45%
37,000Portugal
10%

Score Distribution

Percentile by Number Answered

Percent of People with Each Score

Your Score History

You have not taken this quiz